[Event "Gibraltar Amateur op-B"]
[Site "Caleta"]
[Date "2019.01.29"]
[Round "4"]
[White "Matto, Manuel"]
[Black "Oliva Parra, Ernesto"]
[Result "0-1"]
[WhiteElo "1769"]
[BlackElo "1535"]
[PlyCount "124"]
[EventDate "2019.01.26"]
[EventType "swiss"]
[EventRounds "5"]
[EventCountry "GGB"]
[SourceTitle "EXT 2021"]
[Source "ChessBase"]
[SourceDate "2020.10.23"]
[SourceVersion "1"]
[SourceVersionDate "2020.10.23"]
[SourceQuality "1"]

1. c4 e5 2. Nc3 Bc5 3. e3 Nc6 4. g3 Nf6 5. Bg2 Ne7 6. d4 exd4 7. exd4 Bb4 8. Bd2 c6 9. Nf3 h6 10. 0-0 0-0 11. Ne5 d6 12. Nd3 Ba5 13. b4 Bc7 14. b5 Bd7 15. a4 a5 16. Qc1 Kh7 17. Nf4 Bf5 18. Re1 d5 19. c5 cxb5 20. axb5 Bxf4 21. Bxf4 Qd7 22. Bd6 Be6 23. b6 Rfe8 24. Qb2 Red8 25. Nb5 Nc6 26. Nc7 Rac8 27. Re2 Bh3 28. Rae1 Bxg2 29. Kxg2 Qg4 30. Qc2+ Kh8 31. f3 Qd7 32. Qd2 Qf5 33. Bf4 Kh7 34. Be3 Qd7 35. Qd3+ Kh8 36. Qd2 Kh7 37. h4 Rf8 38. Qd3+ Kh8 39. Kh2 Nb4 40. Qd2 Kh7 41. Bf4 Nc6 42. Rg2 Ng8 43. g4 Qd8 44. g5 h5 45. Reg1 g6 46. Bd6 Nge7 47. Re2 Rg8 48. Qf4 Nf5 49. Rd1 Qd7 50. Be5 Nce7 51. Bf6 Nc6 52. Rde1 Rgf8 53. Be5 Nb4 54. Bd6 Nd3 55. Qd2 Nxe1 56. Rxe1 Nxd6 57. Nxd5 Nc4 58. Nf6+ Kh8 59. Qc3 Qa4 60. d5 Qb4 61. Qd4 Nd2 62. Qa1 Nxf3+ 0-1

[Event "Gibraltar Amateur op-B"]
[Site "Caleta"]
[Date "2019.01.27"]
[Round "2"]
[White "Whitworth, John"]
[Black "Oliva Parra, Ernesto"]
[Result "1-0"]
[WhiteElo "1690"]
[BlackElo "1535"]
[PlyCount "137"]
[EventDate "2019.01.26"]
[EventType "swiss"]
[EventRounds "5"]
[EventCountry "GGB"]
[SourceTitle "EXT 2021"]
[Source "ChessBase"]
[SourceDate "2020.10.23"]
[SourceVersion "1"]
[SourceVersionDate "2020.10.23"]
[SourceQuality "1"]

1. e4 e5 2. Nf3 Nc6 3. Bc4 Nd4 4. 0-0 Bd6 5. c3 Nxf3+ 6. Qxf3 Qf6 7. Qxf6 Nxf6 8. Re1 Bc5 9. d3 Ng4 10. Re2 d6 11. h3 Nf6 12. Nd2 a6 13. Nf3 h6 14. d4 exd4 15. cxd4 Bb6 16. e5 dxe5 17. dxe5 Nh7 18. Bd2 Be6 19. Bxe6 fxe6 20. Bc3 0-0-0 21. Rc1 Rhe8 22. Rec2 Re7 23. Bb4 Red7 24. Bc5 Bxc5 25. Rxc5 Nf8 26. g3 b6 27. Rc6 Kb7 28. Kg2 Re7 29. Nh4 g5 30. Nf3 Rd5 31. R6c4 Ng6 32. Re1 Rf7 33. Re2 Rd3 34. Nd4 Nf8 35. Nc6 Rfd7 36. Rec2 Rg7 37. h4 g4 38. Rf4 Nh7 39. Rd4 Rxd4 40. Nxd4 Nf8 41. f4 gxf3+ 42. Kxf3 h5 43. Ne2 Ng6 44. Ke4 Ne7 45. Nf4 Rxg3 46. Nxe6 Rg4+ 47. Kf3 c6 48. Rg2 Rxg2 49. Kxg2 Ng6 50. Kg3 Nxe5 51. Nf4 Kc7 52. Nxh5 Kd6 53. Nf4 Ke7 54. h5 Nf7 55. Nd3 a5 56. Kf4 Kf6 57. Nf2 Ke6 58. Ng4 b5 59. h6 c5 60. h7 c4 61. Nh6 Nh8 62. Ke4 Kd6 63. Kd4 Ng6 64. Nf5+ Kc7 65. Kc5 a4 66. Kxb5 a3 67. bxa3 c3 68. Kb4 Kb6 69. Kxc3 1-0

[Event "Gibraltar Amateur op-A"]
[Site "Caleta"]
[Date "2018.01.22"]
[Round "1"]
[White "Oliva Parra, Ernesto"]
[Black "Georgieva, Emilia"]
[Result "0-1"]
[WhiteElo "1560"]
[BlackElo "1848"]
[PlyCount "88"]
[EventDate "2018.01.22"]
[EventType "swiss"]
[EventRounds "5"]
[EventCountry "GGB"]
[SourceTitle "EXT 2019"]
[Source "ChessBase"]
[SourceDate "2018.10.10"]
[SourceVersion "1"]
[SourceVersionDate "2018.10.10"]
[SourceQuality "1"]

1. e4 c6 2. d4 d5 3. e5 Bf5 4. Nf3 h6 5. h3 e6 6. a3 c5 7. c3 Nc6 8. Be2 g5 9. Nbd2 Qb6 10. Nb3 c4 11. Nbd2 Nge7 12. Nh2 Bg7 13. Bh5 Bd3 14. Be2 Bh7 15. 0-0 0-0 16. Ng4 Nf5 17. b4 f6 18. exf6 Bxf6 19. Bf3 Bg7 20. Re1 Rae8 21. Nf1 Nh4 22. Ngh2 Nxf3+ 23. Nxf3 Qc7 24. N3h2 Qf7 25. Ra2 e5 26. dxe5 Nxe5 27. Rae2 Bd3 28. Rd2 Re6 29. Ne3 Rg6 30. Neg4 Nxg4 31. Nxg4 Bxc3 32. Ne5 Bxe5 33. Rxe5 Re8 34. Bb2 Rxe5 35. Bxe5 Re6 36. Bd4 Qe7 37. Qh5 Re1+ 38. Kh2 Qd6+ 39. g3 b6 40. Qg4 Qe6 41. Qh5 Qe4 42. f3 Qxd4 43. Rg2 Kg7 44. h4 Bg6 0-1

[Event "Gibraltar Amateur op-B"]
[Site "Caleta"]
[Date "2017.01.30"]
[Round "3"]
[White "Oliva Parra, Ernesto"]
[Black "Ford, Clifton P"]
[Result "0-1"]
[WhiteElo "1578"]
[BlackElo "1781"]
[PlyCount "82"]
[EventDate "2017.01.28"]
[EventType "swiss"]
[EventRounds "5"]
[EventCountry "GGB"]
[SourceTitle "EXT 2018"]
[Source "ChessBase"]
[SourceDate "2017.10.13"]
[SourceVersion "1"]
[SourceVersionDate "2017.10.13"]
[SourceQuality "1"]

1. e4 e6 2. d4 d5 3. e5 c5 4. c3 Nc6 5. Nf3 Bd7 6. Nbd2 cxd4 7. cxd4 Qb6 8. Nb3 a5 9. a4 Bb4+ 10. Bd2 Bxd2+ 11. Nbxd2 Nxd4 12. Be2 Nxe2 13. Qxe2 Ne7 14. b3 Rc8 15. 0-0 0-0 16. Qd3 Ng6 17. Rfe1 Nf4 18. Qb1 Rc3 19. Ng5 g6 20. Qd1 h6 21. Ngf3 Nd3 22. Rf1 Rfc8 23. Qe2 Nc1 24. Qd1 Nxb3 25. Nxb3 Rxb3 26. Qd2 Kg7 27. h3 Qb4 28. Qd4 Qxd4 29. Nxd4 Rb4 30. Nf3 Bxa4 31. Rfe1 Rc2 32. Reb1 Rxb1+ 33. Rxb1 Bc6 34. Nd4 Rc4 35. Rd1 a4 36. Rd2 b5 37. Kf1 b4 38. Ke2 a3 39. Nb3 Re4+ 40. Kf3 Rxe5 41. Nc5 d4+ 0-1

[Event "Gibraltar Amateur op-B"]
[Site "Caleta"]
[Date "2016.01.31"]
[Round "2"]
[White "Guardia Bencomo, Tomas"]
[Black "Oliva Parra, Ernesto"]
[Result "1-0"]
[WhiteElo "1863"]
[BlackElo "1602"]
[PlyCount "109"]
[EventDate "2016.01.30"]
[EventType "swiss"]
[EventRounds "5"]
[EventCountry "GGB"]
[SourceTitle "CBM 170 Extra"]
[Source "ChessBase"]
[SourceDate "2016.02.25"]
[SourceVersion "1"]
[SourceVersionDate "2016.02.25"]
[SourceQuality "1"]

1. d4 d5 2. c4 Nf6 3. Nc3 Bf5 4. Nf3 h6 5. e3 e6 6. Qb3 b6 7. cxd5 exd5 8. Ne5 c6 9. Bd2 Be7 10. Rc1 0-0 11. Be2 Re8 12. 0-0 Bd6 13. f4 b5 14. a4 b4 15. Nd1 Qb6 16. Nf2 a5 17. Nfd3 Ne4 18. Be1 Ra7 19. Nf2 Nf6 20. Bd3 Bxd3 21. Qxd3 Rc7 22. Qf5 c5 23. Nfg4 Nxg4 24. Qxg4 cxd4 25. Rxc7 Bxc7 26. Qf5 Bxe5 27. fxe5 Rf8 28. e4 dxe4 29. Qxe4 d3+ 30. Bf2 Qg6 31. Qxg6 fxg6 32. Bb6 Rxf1+ 33. Kxf1 Nc6 34. Bc7 Kf7 35. Kf2 Ke6 36. Ke3 Kd5 37. Kxd3 Nxe5+ 38. Bxe5 Kxe5 39. Kc4 Ke4 40. Kb5 Kd3 41. Kxa5 b3 42. Kb4 Ke3 43. a5 Kf2 44. g4 Kf3 45. a6 Kxg4 46. a7 Kh3 47. a8Q Kxh2 48. Qf3 h5 49. Kxb3 h4 50. Qg4 h3 51. Kc2 g5 52. Kd2 g6 53. Ke1 Kh1 54. Kf2 h2 55. Qg2# 1-0

[Event "Gibraltar Amateur op-A"]
[Site "Caleta"]
[Date "2016.01.29"]
[Round "5"]
[White "Oliva Parra, Ernesto"]
[Black "Kirkwood, Robin"]
[Result "1-0"]
[WhiteElo "1602"]
[BlackElo "1653"]
[PlyCount "49"]
[EventDate "2016.01.25"]
[EventType "swiss"]
[EventRounds "5"]
[EventCountry "GGB"]
[SourceTitle "CBM 170 Extra"]
[Source "ChessBase"]
[SourceDate "2016.02.25"]
[SourceVersion "1"]
[SourceVersionDate "2016.02.25"]
[SourceQuality "1"]

1. e4 c6 2. d4 d5 3. e5 c5 4. c3 Nc6 5. Nf3 Bg4 6. Be2 e6 7. h3 Bh5 8. Nbd2 Qb6 9. Nb3 cxd4 10. cxd4 Bxf3 11. Bxf3 Bb4+ 12. Kf1 0-0-0 13. Kg1 f6 14. Bg4 f5 15. Bf3 Be7 16. Kh2 g5 17. Rb1 h5 18. Bxh5 Nxd4 19. Be3 g4 20. Bxd4 Qb5 21. Bxg4 fxg4 22. Qxg4 Kd7 23. Qg7 Nh6 24. Nc5+ Ke8 25. Qxh8+ 1-0

[Event "Gibraltar Amateur op-A"]
[Site "Caleta"]
[Date "2016.01.25"]
[Round "1"]
[White "D'Haluin, Wim"]
[Black "Oliva Parra, Ernesto"]
[Result "1-0"]
[WhiteElo "1846"]
[BlackElo "1602"]
[PlyCount "61"]
[EventDate "2016.01.25"]
[EventType "swiss"]
[EventRounds "5"]
[EventCountry "GGB"]
[SourceTitle "CBM 170 Extra"]
[Source "ChessBase"]
[SourceDate "2016.02.25"]
[SourceVersion "1"]
[SourceVersionDate "2016.02.25"]
[SourceQuality "1"]

1. d4 d5 2. Nf3 Bf5 3. Bf4 Nf6 4. h3 h6 5. e3 e6 6. Be2 c6 7. 0-0 Be7 8. c4 0-0 9. Nc3 Bd6 10. Ne5 Nbd7 11. Nxc6 Qc7 12. Ne7+ Kh8 13. Nb5 Qd8 14. Bxd6 Be4 15. cxd5 Nxd5 16. Nxd5 exd5 17. Bxf8 Nxf8 18. Bd3 Qg5 19. Bxe4 dxe4 20. Nd6 Qe7 21. Nf5 Qf6 22. Ng3 Qe7 23. Qg4 Re8 24. Rac1 Nd7 25. Rc7 Rd8 26. Nxe4 Qe8 27. Rxb7 a6 28. Rc1 Qe6 29. Qxe6 fxe6 30. Rc6 e5 31. Rd6 1-0